000 00302nam a22001337a 4500
008 170927b xxu||||| |||| 00| 0 eng d
020 _a0616027110
041 _aeng
080 _a37
100 _a47
101 _aEDU
245 _aTHE HANDBOOK OF GOOD ENGLISH
_cJOHNSON.E.D
942 _2udc
_cBK
999 _c30217
_d30217